000 00571nam a2200181Ia 4500
008 100920s9999 xx 000 0 und d
082 _b105573
_a891.43 न 09
100 _aमुहम्मद इकबाल.
245 _aजावेदनामा.
260 _bराधाकृष्ण प्रकाशन,दिल्ली.
_c2009
300 _a359
_bसाधी
365 _b450
520 _aहिंदी.
630 _aजावेदनामा.
650 _aहिंदी.
730 _aजावेदनामा.
942 _cBOOK
999 _c746004
_d746001